О художниках театра, кино и телевидения: сборник статей

Bibliografiske detaljer
Andre forfattere: Ванслов В. В. (составитель)
Sprog:russisk
Udgivet: Ленинград, Художник РСФСР, 1984
Fag:
Format: MixedMaterials Bog
KOHA link:https://koha.lib.tpu.ru/cgi-bin/koha/opac-detail.pl?biblionumber=284316

MARC

LEADER 00000nam0a2200000 4500
001 284316
005 20231101235701.0
035 |a (RuTPU)RU\TPU\book\308471 
090 |a 284316 
100 |a 20150213d1984 m y0rusy50 ca 
101 0 |a rus 
102 |a RU 
105 |a a z 000zd 
200 1 |a О художниках театра, кино и телевидения  |e сборник статей  |f сост. В. В. Ванслов 
210 |a Ленинград  |c Художник РСФСР  |d 1984 
215 |a 256 с.  |c ил. 
606 1 |a Декорации  |x Живопись  |2 stltpush  |3 (RuTPU)RU\TPU\subj\38804  |9 59087 
606 1 |a Кино  |2 stltpush  |3 (RuTPU)RU\TPU\subj\14361  |9 40764 
610 1 |a художники 
610 1 |a телевидение 
610 1 |a театр 
610 1 |a мультипликация 
610 1 |a художественная культура 
675 |a 75.054  |v 4 
675 |a 791.43  |v 4 
702 1 |a Ванслов  |b В. В.  |4 220 
801 1 |a RU  |b 63413507  |c 20150213 
801 2 |a RU  |b 63413507  |c 20180220  |g RCR 
942 |c BK